000 01004cab a22002655a 4500
001 L151016
008 100923e20100918xxk 000 0 eng d
035 _a(Sirsi) u151016
041 0 _aeng
100 1 _aDay, Karen
245 0 0 _aFocus
_hCambs, Norfolk and Suffolk
260 _c2010
490 _aEstates Gazette
_v(1037) 18 September 2010, 114-129(9)
520 _aLocal authorities such as Cambridge and Peterborough are planning to join together to set up local economic partnerships to replace the East of England Development Agency which is due to be dissolved by 2012. Overview of market in Ipswich and Huntingdon and office, retail and industrial take-up in Cambridge and Norwich.
590 _aKA
651 4 _aCambridgeshire
651 4 _aNorfolk
651 4 _aSuffolk
690 _aPROPERTY-COMMERCIAL PROPERTY-COMMERCIAL PROPERTY MARKET
700 1 _aThame, David
700 1 _aCunningham, Daniel
700 1 _aNlghamry, Nadia
700 1 _aMeadwell, Stacey
942 _n0
999 _c82689
_d82689